مكتبة جامعة عجلون الوطنية

فهرس بحث المكتبة

دور ضغوط العمل في الاحتراق الوظيفي لدى العاملين في وزارة المالية في الاردن = The Role of Work Pressure in Job Burnout Among Employes in Ministry of Finance in Jordan (Record no. 31318)

MARC details
000 -LEADER
fixed length control field 01188nam a2200241Ii 4500
003 - CONTROL NUMBER IDENTIFIER
control field JO-AjNU
005 - DATE AND TIME OF LATEST TRANSACTION
control field 20240624123633.0
008 - FIXED-LENGTH DATA ELEMENTS--GENERAL INFORMATION
fixed length control field 230605s9999||||xx |||||||||||||| ||und||
040 ## - CATALOGING SOURCE
Original cataloging agency JO-AjNU
Language of cataloging ara
Description conventions rda
Transcribing agency JO-AjNU
041 ## - LANGUAGE CODE
Language code of text/sound track or separate title ara
050 14 - LIBRARY OF CONGRESS CALL NUMBER
Classification number HD58.7.2021
100 ## - MAIN ENTRY--PERSONAL NAME
Personal name المومني، صقر محمد فليح
Relator term معد
9 (RLIN) 65548
245 00 - TITLE STATEMENT
Title دور ضغوط العمل في الاحتراق الوظيفي لدى العاملين في وزارة المالية في الاردن = The Role of Work Pressure in Job Burnout Among Employes in Ministry of Finance in Jordan
Statement of responsibility, etc. / اعداد صقر محمد فليح المومني ؛ اشراف هشام علي شطناوي
264 31 - PRODUCTION, PUBLICATION, DISTRIBUTION, MANUFACTURE, AND COPYRIGHT NOTICE
Place of production, publication, distribution, manufacture 2021
300 ## - PHYSICAL DESCRIPTION
Extent 103 ورقة
336 ## - CONTENT TYPE
Content type term text
Content type code txt
Source rdacontent
337 ## - MEDIA TYPE
Media type term unmediated
Media type code n
Source rdamedia
338 ## - CARRIER TYPE
Carrier type term volume
Carrier type code nc
Source rdacarrier
500 ## - GENERAL NOTE
General note رسالة جامعية(اطروحة ماجستير) جامعة عجلون الوطنية، كلية ادارة الاعمال، تخصص ادارة الاعمال، 2021
650 #4 - SUBJECT ADDED ENTRY--TOPICAL TERM
Topical term or geographic name entry element ضغوط العمل- وزارة المالية-الاردن
9 (RLIN) 61397
700 ## - ADDED ENTRY--PERSONAL NAME
Personal name شطناوي، هشام علي
Relator term مشرف
9 (RLIN) 64974
942 ## - ADDED ENTRY ELEMENTS (KOHA)
Source of classification or shelving scheme Library of Congress Classification
Koha item type Thesis
Holdings
Withdrawn status Lost status Source of classification or shelving scheme Damaged status Not for loan Home library Current library Shelving location Date acquired Total Checkouts Full call number Barcode Date last seen Price effective from Koha item type
    Library of Congress Classification     مكتبة جامعة عجلون الوطنية مكتبة جامعة عجلون الوطنية المراجع 24/06/2024   HD58.7.2021 A27750 06/06/2023 24/06/2024 Thesis
    Library of Congress Classification     مكتبة جامعة عجلون الوطنية مكتبة جامعة عجلون الوطنية   24/06/2024   HD58.7.2021 a27749 24/06/2024 24/06/2024 Thesis